Remittances and Their Role in Development
Analýza akademickej diskusie založenej na rozsiahlej vedeckej práci publikovanej a návrh možného smerovania budúceho výskumu. Analýza determinantov remitencií a vplyvu remitencií na mikroekonomickú a makroekonomickú úroveň cieľovej krajiny. Holandská choroba. Krajiny s najvyšším príjmom remitencií v...
Guardado en:
| Autor principal: | |
|---|---|
| Otros Autores: | , |
| Formato: | Capítulo de libro |
| Lenguaje: | inglés |
| Materias: | |
| Etiquetas: |
Sin Etiquetas, Sea el primero en etiquetar este registro!
|
MARC
| LEADER | 00000naa a2200000 4500 | ||
|---|---|---|---|
| 001 | 0248957 | ||
| 005 | 20240712102516.3 | ||
| 041 | 0 | |a eng | |
| 044 | |a US | ||
| 245 | 1 | 0 | |a Remittances and Their Role in Development |c M. Přívarová, A. Přívara, M. Pitukhina |
| 520 | |a Analýza akademickej diskusie založenej na rozsiahlej vedeckej práci publikovanej a návrh možného smerovania budúceho výskumu. Analýza determinantov remitencií a vplyvu remitencií na mikroekonomickú a makroekonomickú úroveň cieľovej krajiny. Holandská choroba. Krajiny s najvyšším príjmom remitencií v roku 2015. Krajiny s najvyšším príjmom remitencií ako percento HDP v roku 2014. Inštitucionálne charakteristiky krajiny pôvodu migranta ako významný determinant tokov remitencií. | ||
| 610 | 2 | 0 | |a trh práce |
| 610 | 2 | 0 | |a rozvoj hospodársky |
| 610 | 2 | 0 | |a rozvoj sociálno-ekonomický |
| 610 | 2 | 0 | |a pohyb síl pracovných |
| 610 | 2 | 0 | |a pohyb síl pracovných medzinárodný |
| 610 | 2 | 0 | |a migrácia |
| 610 | 2 | 0 | |a remitencie |
| 610 | 2 | 0 | |a krajiny rozvojové |
| 100 | 1 | |a Přívarová, Magdaléna, 1955- | |
| 700 | 1 | |a Přívara, Andrej, 1983- | |
| 700 | 1 | |a Pitukhina, Maria | |